HTML con XHTML y CDD /
Contenido: Introducción; Bloques de creación de páginas Web; Trabajar con archivos de paginas Web; Estructura (X)HTML básica; Formato (X)HTML básico; Crear imágenes Web; Utilizar imágenes; Vínculos; Crear estilos; Aplicar estilos; Formatear con estilos; Presentación con estilos; Hojas de estilo para...
Guardado en:
| Autor principal: | |
|---|---|
| Formato: | Libro |
| Idioma: | Español |
| Publicado: |
Madrid, España :
Anaya,
2003, c2003
|
| Colección: | (Diseño y Creatividad)
|
| Temas: | |
| Etiquetas: |
Sin etiquetas, Sé el primero en etiquetar este registro!
|
MARC
| LEADER | 00000nam^a2200000^a^4500 | ||
|---|---|---|---|
| 001 | 000156957 | ||
| 005 | 20250521000000.0 | ||
| 009 | 20260310100521.825 | ||
| 020 | |a 84-415-1533-6 | ||
| 037 | |a Acervo ITESO - Biblioteca | ||
| 041 | |a ESP | ||
| 082 | |a 005. 133 |b CAS | ||
| 100 | |a Castro, Elizabeth |e (autor) | ||
| 245 | 1 | 0 | |a HTML con XHTML y CDD / |c E. Castro ; tr. por Beatriz Parra Pérez. |
| 264 | 4 | |a Madrid, España : |b Anaya, |c 2003, c2003 | |
| 300 | |a 592 p. | ||
| 336 | |a texto |b txt |2 rdacontenido | ||
| 337 | |a sin mediación |b n |2 rdamedio | ||
| 338 | |a volumen |b nc |2 rdasoporte | ||
| 440 | 1 | |a (Diseño y Creatividad) | |
| 500 | |a Traducción de: HMTL for the World Wide Web with XHTML and CSS | ||
| 520 | |a Contenido: Introducción; Bloques de creación de páginas Web; Trabajar con archivos de paginas Web; Estructura (X)HTML básica; Formato (X)HTML básico; Crear imágenes Web; Utilizar imágenes; Vínculos; Crear estilos; Aplicar estilos; Formatear con estilos; Presentación con estilos; Hojas de estilo para impresión; Listas; Tablas; Marcos; Formularios; Multimedia; Scripts; Fundamentos básicos de Java Script; Símbolos y caracteres no ingleses; Aplicar formato al estilo tradicional; Presentación: el estilo tradicional; WML: páginas Web para dispositivos móviles; Probar y depurar páginas Web; Publicar sus páginas en la Web; Conseguir que le visiten; Apéndice. | ||
| 649 | |a XX | ||
| 650 | |a Gráficas por Computadora | ||
| 650 | |a Animación por Computadora | ||
| 650 | |a Manipulación de Sonido por Computadora | ||
| 650 | |a Manipulación de Imagen por Computadora | ||
| 650 | |a Multimedia | ||
| 650 | |a Diseño Asistido por Computadora | ||
| 650 | |a Páginas en Línea - |x Diseño y Construcción | ||
| 650 | |a Hojas de Estilo (Ingeniería Computacional) | ||
| 650 | |a Hipertexto | ||
| 650 | |a Internet | ||
| 650 | |a Redes de Computadoras | ||
| 650 | |a Comunicación en Red | ||
| 650 | |a Telecomunicaciones | ||
| 650 | |a Lenguajes de Programación | ||
| 650 | |a Programación (Software) | ||
| 650 | |a Desarrollo de Sistemas | ||
| 650 | |a Sistemas Computacionales | ||
| 650 | |a Ingeniería Computacional | ||
| 910 | |a Fondo General | ||
| 920 | |a Impresos - Libros | ||
| 930 | |a Colección General | ||
| 905 | |a 101 | ||
| 901 | |a 0500083997 |b IT1 |c ACC |u 20250521 | ||
| 902 | |a https://opac.biblio.iteso.mx/vufind/Record/000156957 | ||